12th Czech-Slovak-Polish Optical Conference on Wave and Quantum Aspects of Contemporary Optics (Record no. 22528)

MARC details
000 -LEADER
fixed length control field 00610nam a2200169Ia 4500
003 - CONTROL NUMBER IDENTIFIER
control field IN-BaIIA
008 - FIXED-LENGTH DATA ELEMENTS--GENERAL INFORMATION
fixed length control field 211028s9999 xx s 000 0 eng d
020 ## - INTERNATIONAL STANDARD BOOK NUMBER
International Standard Book Number 9780819440471 (Print)
040 ## - CATALOGING SOURCE
Transcribing agency IIA Library
100 ## - MAIN ENTRY--PERSONAL NAME
Personal name Perina, Jan, ed.
9 (RLIN) 41157
245 #0 - TITLE STATEMENT
Title 12th Czech-Slovak-Polish Optical Conference on Wave and Quantum Aspects of Contemporary Optics
Medium [eBook]
260 ## - PUBLICATION, DISTRIBUTION, ETC.
Place of publication, distribution, etc. Washington, USA
Name of publisher, distributor, etc. SPIE
Date of publication, distribution, etc. 2001
300 ## - PHYSICAL DESCRIPTION
Extent Online resource
490 ## - SERIES STATEMENT
Series statement Proceedings of SPIE; V. 4356
856 ## - ELECTRONIC LOCATION AND ACCESS
Uniform Resource Identifier <a href="https://www.spiedigitallibrary.org/conference-proceedings-of-spie/4356">https://www.spiedigitallibrary.org/conference-proceedings-of-spie/4356</a>
Link text Click Here to Access eBook
942 ## - ADDED ENTRY ELEMENTS (KOHA)
Koha item type eBooks
Holdings
Withdrawn status Lost status Damaged status Not for loan Home library Current library Date acquired Source of acquisition Serial Enumeration / chronology Total Checkouts Barcode Date last seen Uniform Resource Identifier Price effective from Koha item type
        IIA Library-Bangalore IIA Library-Bangalore 01/07/2011 SPIE V. 4356   EB1988 05/11/2021 https://www.spiedigitallibrary.org/conference-proceedings-of-spie/4356 05/11/2021 eBooks

Powered by Koha